Disney Channel A-Z - Statistics

General Stats
  • This quiz has been taken 183 times
  • The average score is 6 of 22
Answer Stats
Hint Answer % Correct
A Austin and Ally
70%
H Hannah Montana
63%
J Jessie
60%
W Wizards of waverly place
59%
G Good Luck Charlie
58%
T That's so Raven
50%
P Phineas and Ferb
32%
S Sonny with a chance
30%
D Dog with a blog
28%
L Lizzie McGuire
26%
K KC Undercover
23%
I I didn't do it
18%
F Fish hooks
13%
B Best friends whenever
12%
M Mighty Med
5%
V Violetta
5%
E Evermoor
4%
R Replacements
3%
Z Zou
2%
C Curious George
1%
N Naturally sadie
1%
O Out of the box
1%
No matching quizzes found
Score Distribution
Percent of People with Each Score
Percentile by Number Answered
Your Score History
You have not taken this quiz